Normal view MARC view
  • Frequency multipliers

Entry Topical Term

Number of records used in: 1

001 - CONTROL NUMBER

  • control field: 96956

003 - CONTROL NUMBER IDENTIFIER

  • control field: NUST

005 - DATE AND TIME OF LATEST TRANSACTION

  • control field: 20220812110007.0

008 - FIXED-LENGTH DATA ELEMENTS

  • fixed length control field: 220812|| aca||aabn | a|a d

040 ## - CATALOGING SOURCE

  • Original cataloging agency: NUST
  • Transcribing agency: NUST

150 ## - HEADING--TOPICAL TERM

  • Topical term or geographic name entry element: Frequency multipliers

670 ## - SOURCE DATA FOUND

  • Source citation: Work cat.: (NUST)175657: Camargo, Edmar. 96954, Design of FET frequency multipliers and harmonic oscillators /, c1998.
© 2023 Central Library, National University of Sciences and Technology. All Rights Reserved.